|
|
|
|
| LEADER |
01861nam a2200517 a 4500 |
| 001 |
nkc20081805985 |
| 003 |
CZ PrNK |
| 005 |
20080905133129.0 |
| 007 |
ta |
| 008 |
080527s2008 xr a e f 001 0 cze |
| 015 |
|
|
|a cnb001805985
|
| 020 |
|
|
|a 978-80-251-2109-2
|q (brož.)
|
| 035 |
|
|
|a (OCoLC)237194558
|
| 040 |
|
|
|a ABA001
|b cze
|
| 041 |
1 |
|
|a cze
|h eng
|
| 072 |
|
7 |
|a 004.4/.6
|x Programování. Software
|2 Konspekt
|9 23
|
| 080 |
|
|
|a 004.42Flash
|2 MRF
|
| 080 |
|
|
|a 004.738.12:004.41
|2 MRF
|
| 080 |
|
|
|a 004.738.52:004.77
|2 MRF
|
| 080 |
|
|
|a 004.928.031.42
|2 MRF
|
| 080 |
|
|
|a (035)
|2 MRF
|
| 245 |
0 |
0 |
|a Adobe Flash CS3 :
|b oficiální výukový kurz /
|c [překlad Lukáš Krejčí]
|
| 250 |
|
|
|a Vyd. 1.
|
| 260 |
|
|
|a Brno :
|b Computer Press,
|c 2008
|
| 300 |
|
|
|a 341 s. :
|b il. ;
|c 23 cm +
|e 1 CD-ROM
|
| 500 |
|
|
|a Přeloženo z angličtiny
|
| 500 |
|
|
|a Nad názvem: Adobe Creative Team
|
| 500 |
|
|
|a Obsahuje rejstřík
|
| 650 |
0 |
7 |
|a Adobe Flash CS3 (software)
|7 ph465304
|2 czenas
|
| 650 |
0 |
7 |
|a webdesign
|7 ph249420
|2 czenas
|
| 650 |
0 |
7 |
|a dynamické webové aplikace
|7 ph249421
|2 czenas
|
| 650 |
0 |
7 |
|a interaktivní animace
|7 ph135594
|2 czenas
|
| 650 |
0 |
9 |
|a Adobe Flash CS3
|2 eczenas
|
| 650 |
0 |
9 |
|a web design
|2 eczenas
|
| 650 |
0 |
9 |
|a dynamic web applications
|2 eczenas
|
| 650 |
0 |
9 |
|a computer animation
|2 eczenas
|
| 655 |
|
7 |
|a příručky
|7 fd133209
|2 czenas
|
| 655 |
|
9 |
|a handbooks and manuals
|2 eczenas
|
| 700 |
1 |
|
|a Krejčí, Lukáš,
|d 1979-
|7 mzk2006331637
|4 trl
|
| 765 |
0 |
|
|t Adobe Flash CS3 professional classroom in a book
|9 Česky
|
| 910 |
2 |
|
|a BOA001
|b 2-1207.813
|
| 990 |
|
|
|a BK
|
| 995 |
|
|
|a 01
|
| 991 |
|
|
|b 200807
|c NOV
|
| 996 |
6 |
|
|b 2610347167
|c 2-1207.813
|l MZK
|r Sklad / do 1 hodiny
|n 1
|p p.v.
|w 001067150
|u 000010
|a 1
|e BOA001
|j MZK50
|s P
|
| 996 |
7 |
|
|b 2610347168
|c 2-1207.813
|l MZK
|r Sklad / do 1 hodiny
|n 23
|p p.v.
|w 001067150
|u 000020
|a 1
|e BOA001
|j MZK50
|s A
|